A guide to the fourth, fifth and sixth Egyptian rooms, and the Coptic room : a series of collections of small Egyptian antiquities, which illustrate the manners and customs, the arts and crafts, the religion and literature, and the funeral rites and ceremonies of the ancient Egyptians and their descendants, the Copts, from about B.C. 4500 to A.D. 1000.
محفوظ في:
مؤلف مشترك:
مؤلفون آخرون:
التنسيق: كتاب
اللغة: English
منشور في:
[London] :
Printed by order of the Trustees,
1922.
الموضوعات:
الوسوم: إضافة وسم
لا توجد وسوم, كن أول من يضع وسما على هذه التسجيلة!
رقم الطلب: DT59 .B72 1922
| LEADER | 01800nam a2200385Ia 4500 | ||
|---|---|---|---|
| 001 | 5795 | ||
| 003 | OSt | ||
| 005 | 20200507093249.0 | ||
| 008 | 130303s1922 enka g bc 001 0 eng d | ||
| 952 | |0 0 |1 0 |2 lcc |4 0 |6 DT0059 B72 01922 |7 1 |9 2004 |a ARCE |b ARCE |d 2020-05-07 |l 0 |o DT59 .B72 1922 |p 1012776 |r 2020-05-07 00:00:00 |w 2020-05-07 |y BK | ||
| 999 | |c 3960 |d 3960 | ||
| 040 | |c ARCE Library | ||
| 043 | |a f-ua--- | ||
| 050 | 0 | 4 | |a DT59 .B72 1922 |
| 110 | 2 | |a British Museum. |b Department of Egyptian and Assyrian Antiquities, | |
| 245 | 1 | 2 | |a A guide to the fourth, fifth and sixth Egyptian rooms, and the Coptic room : |b a series of collections of small Egyptian antiquities, which illustrate the manners and customs, the arts and crafts, the religion and literature, and the funeral rites and ceremonies of the ancient Egyptians and their descendants, the Copts, from about B.C. 4500 to A.D. 1000. |
| 264 | 1 | |a [London] : |b Printed by order of the Trustees, |c 1922. | |
| 300 | |a xvi, 376 pages : |b illustrations ; |c 22 cm. | ||
| 336 | |a text |b txt |2 rdacontent | ||
| 337 | |a unmediated |b n |2 rdamedia | ||
| 338 | |a volume |b nc |2 rdacarrier | ||
| 500 | |a At head of title : British Museum. | ||
| 500 | |a Includes index. | ||
| 500 | |a Preface signed : E. A. Wallis Budge. | ||
| 504 | |a Bibliography : pages 373-376. | ||
| 610 | 2 | 0 | |a British Museum. |b Department of Egyptian and Assyrian Antiquities. |
| 650 | 0 | |a Art |z Egypt |v Catalogs. | |
| 651 | 0 | |a Egypt |x Antiquities |v Catalogs. | |
| 700 | 1 | |a Budge, E.A. Wallis |q (Ernest Alfred Wallis), |c Sir, |d 1857-1934. | |
| 901 | |a reviewed | ||
| 907 | |a .b24318334 |b 02-04-08 |c 01-30-08 | ||
| 942 | |c BK |2 lcc | ||
| 945 | |a DT59 .B72 1922 |g 1 |i mq231686 |l 1arce |o z |p $0.00 |q |r |s w |t 0 |u 0 |v 0 |w 0 |x 0 |y .i3139453x |z 02-04-08 | ||
| 949 | |a DT59 .B72 1922 |c arcesim | ||
| 998 | |b 01-30-08 |c m |d - |i 1 | ||
